[Event "European Hybrid Qual 2021"]
[Site "Tornelo INT"]
[Date "2021.05.26"]
[Round "2.1"]
[White "Hillarp Persson, Tiger"]
[Black "Movsesian, Sergei"]
[Result "1/2-1/2"]
[WhiteTitle "GM"]
[BlackTitle "GM"]
[WhiteElo "2538"]
[BlackElo "2647"]
[WhiteFideId "1700812"]
[BlackFideId "310204"]
[EventDate "2021.05.24"]
[EventType "k.o."]

1. d4 Nf6 2. c4 e6 3. Nf3 d5 4. Nc3 Bb4 5. Qa4+ Nc6 6. e3 O-O 7. Qc2 Bd6 8. a3
dxc4 9. Bxc4 e5 10. h3 exd4 11. exd4 Ne7 12. O-O h6 13. Ne5 c6 14. Qb3 Ned5 15.
Nxd5 cxd5 16. Bd3 Qb6 17. Qxb6 axb6 18. Be3 Be6 19. Rfe1 Ne4 20. f3 Nc5 21. Bc2
Na4 22. Rab1 b5 23. g4 Rfc8 24. Bd3 Bxe5 25. dxe5 d4 26. Bf2 Ba2 27. Ra1 Bc4 28.
Bxc4 bxc4 29. Bxd4 Rd8 30. Re4 Rd5 31. Kf2 Rad8 32. Ke3 Rb5 33. Rc1 Rb3+ 34. Kf4
b5 35. Rc2 Rd3 36. Be3 Rb3 37. Bd4 Rd3 38. Be3 Rb3 39. Bd4 1/2-1/2

[Event "European Hybrid Qual 2021"]
[Site "Tornelo INT"]
[Date "2021.05.27"]
[Round "2.2"]
[White "Movsesian, Sergei"]
[Black "Hillarp Persson, Tiger"]
[Result "1/2-1/2"]
[WhiteTitle "GM"]
[BlackTitle "GM"]
[WhiteElo "2647"]
[BlackElo "2538"]
[WhiteFideId "310204"]
[BlackFideId "1700812"]
[EventDate "2021.05.24"]
[EventType "k.o."]

1. e4 c5 2. Nf3 d6 3. Bb5+ Nd7 4. a4 a6 5. Be2 Ngf6 6. Nc3 b6 7. d4 cxd4 8. Qxd4
e6 9. O-O Bb7 10. Rd1 Qc7 11. Nd2 Ne5 12. Nb3 Nc6 13. Qc4 Rc8 14. Bf4 Be7 15.
Qd3 Ne5 16. Qg3 Rg8 17. Be3 g5 18. f3 Qb8 19. Nd2 g4 20. f4 Nf3+ 21. Bxf3 gxf3
22. Qxf3 d5 23. Nf1 dxe4 24. Qh3 Qc7 25. Rd2 h5 26. Ne2 Ng4 27. Qxh5 Rd8 28.
Rad1 Rxd2 29. Rxd2 Nxe3 30. Nxe3 Bc5 31. Kf2 b5 32. c3 bxa4 33. g3 Qb6 34. Nd4
Bxd4 35. cxd4 Qb4 36. Ke2 Bc6 37. d5 Bb5+ 38. Ke1 Qc5 39. Kf2 Bd3 40. Qe5 Rg6
41. f5 Rh6 42. h4 Rh5 43. g4 Rxh4 44. fxe6 Rh3 45. Qb8+ Ke7 46. Qb7+ Kd6 47.
Qb8+ Ke7 48. Qb7+ Kd6 49. Qb8+ Ke7 1/2-1/2

[Event "European Hybrid Qual 2021"]
[Site "Tornelo INT"]
[Date "2021.05.27"]
[Round "2.3"]
[White "Movsesian, Sergei"]
[Black "Hillarp Persson, Tiger"]
[Result "1/2-1/2"]
[WhiteTitle "GM"]
[BlackTitle "GM"]
[WhiteElo "2647"]
[BlackElo "2538"]
[WhiteFideId "310204"]
[BlackFideId "1700812"]
[EventDate "2021.05.24"]
[EventType "k.o."]

1. e4 c5 2. Nf3 d6 3. Bb5+ Nd7 4. a4 a6 5. Be2 Ngf6 6. Nc3 b6 7. d4 cxd4 8. Qxd4
e6 9. O-O Qc7 10. Rd1 Bb7 11. Be3 Be7 12. Nd2 Nc5 13. b4 Ncd7 14. Nc4 O-O 15. a5
b5 16. Nb6 Nxb6 17. axb6 Qc6 18. Bf3 e5 19. Qd3 Rac8 20. Ra3 h6 21. h3 Qc4 22.
Rb1 Rc6 23. Qd2 Bd8 24. Be2 Qe6 25. Bd3 Bxb6 26. Nd5 Bxe3 27. Nxe3 g6 28. Rd1
Rcc8 29. f3 Rfd8 30. Kh1 Kg7 31. Re1 Qe7 32. Qf2 Kh7 33. c4 bxc4 34. Bxc4 d5 35.
exd5 Nxd5 36. Bxd5 Bxd5 37. Rxa6 Qxb4 38. Ng4 Kg7 39. Nxe5 Qc5 40. Qxc5 Rxc5 41.
Ng4 h5 42. Ne3 Be6 43. Raa1 Rd3 44. Rad1 Ra3 45. Nf1 Ra2 46. Rd2 Rcc2 47. Rxc2
Rxc2 48. Ne3 Ra2 49. Kh2 Rb2 50. h4 Rb4 1/2-1/2

[Event "European Hybrid Qual 2021"]
[Site "Tornelo INT"]
[Date "2021.05.27"]
[Round "2.4"]
[White "Hillarp Persson, Tiger"]
[Black "Movsesian, Sergei"]
[Result "1/2-1/2"]
[WhiteTitle "GM"]
[BlackTitle "GM"]
[WhiteElo "2538"]
[BlackElo "2647"]
[WhiteFideId "1700812"]
[BlackFideId "310204"]
[EventDate "2021.05.24"]
[EventType "k.o."]

1. d4 Nf6 2. c4 e6 3. Nf3 d5 4. Nc3 Bb4 5. Qa4+ Nc6 6. e3 O-O 7. Qc2 Bd6 8. h3
dxc4 9. Bxc4 e5 10. O-O a6 11. a3 h6 12. Re1 exd4 13. exd4 Ne7 14. Ne5 b5 15.
Ba2 Bf5 16. Qe2 c5 17. dxc5 Bxc5 18. Be3 Bxe3 19. Qxe3 Ng6 20. Rad1 Qb8 21. Qf3
Nxe5 22. Qxf5 Nc4 23. Bb1 Qc8 24. Qc2 g6 25. a4 Qc5 26. Re6 Qg5 27. Ne4 Nxe4 28.
Rxe4 Rad8 29. axb5 axb5 30. Ba2 Rxd1+ 31. Qxd1 Rd8 32. Qe1 Qd5 33. Bxc4 bxc4 34.
Qe2 1/2-1/2

[Event "European Hybrid Qual 2021"]
[Site "Tornelo INT"]
[Date "2021.05.27"]
[Round "2.5"]
[White "Movsesian, Sergei"]
[Black "Hillarp Persson, Tiger"]
[Result "1-0"]
[WhiteTitle "GM"]
[BlackTitle "GM"]
[WhiteElo "2647"]
[BlackElo "2538"]
[WhiteFideId "310204"]
[BlackFideId "1700812"]
[EventDate "2021.05.24"]
[EventType "k.o."]

1. e4 c5 2. Nf3 e6 3. d4 cxd4 4. Nxd4 a6 5. Bd3 Bc5 6. Nb3 Be7 7. Qg4 g6 8. Qe2
d6 9. Be3 Nc6 10. N1d2 Nf6 11. Nc4 Nd7 12. a4 Nce5 13. a5 Nxc4 14. Bxc4 O-O 15.
O-O Ne5 16. Bb6 Qe8 17. Nd2 Bd7 18. Bb3 Bb5 19. c4 Bc6 20. Rfd1 Bd8 21. Bd4 Bc7
22. Nf1 Rd8 23. Bc2 f5 24. f4 Ng4 25. exf5 gxf5 26. Ra3 Rd7 27. Rg3 h5 28. h3
Bxa5 29. hxg4 hxg4 30. Rxg4+ fxg4 31. Qxg4+ 1-0

[Event "European Hybrid Qual 2021"]
[Site "Tornelo INT"]
[Date "2021.05.26"]
[Round "2.1"]
[White "Balog, Imre"]
[Black "Svane, Rasmus"]
[Result "0-1"]
[WhiteTitle "GM"]
[BlackTitle "GM"]
[WhiteElo "2578"]
[BlackElo "2615"]
[WhiteFideId "728446"]
[BlackFideId "4657101"]
[EventDate "2021.05.24"]
[EventType "k.o."]

1. e4 e5 2. f4 exf4 3. Nf3 Nf6 4. Nc3 d5 5. exd5 Nxd5 6. Nxd5 Qxd5 7. d4 Be7 8.
Bd3 g5 9. Qe2 Bf5 10. c4 Bxd3 11. Qxd3 Qe6+ 12. Kf2 Qg6 13. Qxg6 hxg6 14. Bd2
Bf6 15. Bc3 Nd7 16. Rae1+ Kf8 17. Nd2 Rd8 18. Ne4 Be7 19. d5 Rh5 20. h3 f5 21.
Nd2 Nc5 22. Kf3 c6 23. Bb4 Bd6 24. Bxc5 Bxc5 25. Nb3 Be3 26. Rd1 cxd5 27. cxd5
Rh7 28. Nd4 Bxd4 29. Rxd4 Re7 30. Rd3 Re4 31. Rc1 Ke7 32. Rc7+ Rd7 33. Rc8 Rb4
34. Rd2 Rb5 35. Re2+ Kf7 36. h4 gxh4 37. Kxf4 Rbxd5 38. Rh8 Kf6 39. Rf8+ Kg7 40.
Rfe8 Rd4+ 41. Kf3 Rd3+ 42. Kf4 R3d4+ 43. Kf3 Kh6 44. Rg8 Rd3+ 45. Kf4 R7d4+ 46.
Ke5 Kg5 0-1

[Event "European Hybrid Qual 2021"]
[Site "Tornelo INT"]
[Date "2021.05.27"]
[Round "2.2"]
[White "Svane, Rasmus"]
[Black "Balog, Imre"]
[Result "1/2-1/2"]
[WhiteTitle "GM"]
[BlackTitle "GM"]
[WhiteElo "2615"]
[BlackElo "2578"]
[WhiteFideId "4657101"]
[BlackFideId "728446"]
[EventDate "2021.05.24"]
[EventType "k.o."]

1. d4 Nf6 2. Nf3 g6 3. g3 b5 4. Qd3 a6 5. a4 b4 6. a5 d5 7. Ne5 Nfd7 8. Nf3 Bb7
9. h4 c5 10. h5 Bg7 11. hxg6 hxg6 12. Rxh8+ Bxh8 13. Bh3 Nc6 14. c3 e5 15. dxe5
Ndxe5 16. Nxe5 Nxe5 17. Qd1 Qe7 18. Kf1 d4 19. cxd4 Rd8 20. Bf4 Rxd4 21. Nd2
Rxf4 22. gxf4 Qh4 23. Qb3 Ng4 24. Qg3 Qxg3 25. fxg3 Bxb2 26. Rb1 Ne3+ 27. Kf2
Bd4 28. Nf3 Nd1+ 29. Ke1 Nc3 30. Rxb4 Bf2+ 31. Kxf2 cxb4 32. Nd2 Ke7 33. Ke3 Kd6
34. Kd3 Bc6 35. e3 Bb5+ 36. Kc2 Ba4+ 37. Kd3 Kc5 38. Bc8 Bd1 39. e4 Be2+ 40. Kc2
Kd4 41. e5 Ke3 42. e6 fxe6 43. Nb3 Bc4 44. Nc5 Kd4 45. Nxe6+ Kd5 46. Nc7+ Kc6
47. Nxa6 Kb5 48. Nxb4 Kxb4 49. a6 Nb5 50. Bd7 Nd4+ 51. Kd2 Bxa6 52. Be8 Ne2 53.
Bxg6 Nxg3 54. Bd3 Bc8 55. Ke3 Kc5 56. Kf3 Nh5 57. Ke3 Nf6 58. Be4 Bd7 59. Bf3
Bf5 60. Bg2 Bc8 61. Bf3 Kd6 62. Bg2 Ng4+ 63. Kf3 Nh6 64. Ke3 Ke7 65. Be4 Kf6 66.
Kf3 Bg4+ 67. Ke3 Bd1 68. Kd2 Ba4 69. Ke3 Bb5 70. Kf3 Be8 71. Ke3 Bh5 72. Kd4 Bd1
73. Ke3 Ng4+ 74. Kd2 Ba4 75. Bf3 Nh2 76. Be4 Bb5 77. Bd3 Bc6 78. Be2 Kf5 79. Ke3
Bb7 80. Bd3+ Kg4 81. Be2+ Kg3 82. f5 Ng4+ 83. Bxg4 Kxg4 84. f6 Bd5 85. f7 Bxf7 1/2-1/2

[Event "European Hybrid Qual 2021"]
[Site "Tornelo INT"]
[Date "2021.05.26"]
[Round "2.1"]
[White "Gabuzyan, Hovhannes"]
[Black "Paravyan, David"]
[Result "1-0"]
[WhiteTitle "GM"]
[BlackTitle "GM"]
[WhiteElo "2590"]
[BlackElo "2647"]
[WhiteFideId "13303732"]
[BlackFideId "4194985"]
[EventDate "2021.05.24"]
[EventType "k.o."]

1. e4 e5 2. Nf3 Nc6 3. d4 exd4 4. Nxd4 Nf6 5. Nxc6 bxc6 6. e5 Qe7 7. Qe2 Nd5 8.
h4 Qe6 9. Nd2 a5 10. a3 f6 11. exf6 Qxe2+ 12. Bxe2 Nxf6 13. Nc4 Bc5 14. Be3 Bxe3
15. Nxe3 d5 16. O-O-O O-O 17. Bf3 Be6 18. Rhe1 Kf7 19. c4 Rfd8 20. Nc2 Rab8 21.
Re3 dxc4 22. Nd4 Bd5 23. Nxc6 Bxc6 24. Rxd8 Rxd8 25. Bxc6 Rd4 26. g3 Ng4 27. Re2
Kf6 28. Kc2 Ne5 29. Be4 h6 30. Kc3 Rd1 31. f4 Nf7 32. Kxc4 Nd6+ 33. Kb3 c5 34.
Bc2 Rg1 35. Re3 Rg2 36. a4 h5 37. Kc3 c4 38. b3 cxb3 39. Bxb3 Rxg3 40. Rxg3 Ne4+
41. Kc4 Nxg3 42. Kb5 Ne4 43. Kxa5 Nc3 44. Bc2 Ke6 45. Kb4 Ne2 46. Kc5 Kd7 47. f5
Kc7 48. Be4 Ng3 49. Bd3 Nh1 50. Kd5 Nf2 51. Be2 Kb6 52. Kd4 Nh1 53. Ke3 Ng3 54.
Bd3 Ka5 55. Kf4 Nh1 56. Kf3 Kxa4 57. Kg2 Kb4 58. Be2 Kc3 59. Bxh5 Kd4 60. Bg6
Ke5 61. Kxh1 1-0

[Event "European Hybrid Qual 2021"]
[Site "Tornelo INT"]
[Date "2021.05.27"]
[Round "2.2"]
[White "Paravyan, David"]
[Black "Gabuzyan, Hovhannes"]
[Result "1/2-1/2"]
[WhiteTitle "GM"]
[BlackTitle "GM"]
[WhiteElo "2647"]
[BlackElo "2590"]
[WhiteFideId "4194985"]
[BlackFideId "13303732"]
[EventDate "2021.05.24"]
[EventType "k.o."]

1. d4 Nf6 2. c4 c5 3. d5 a6 4. Qc2 g6 5. e4 d6 6. Nf3 Bg7 7. Bd3 O-O 8. O-O Bg4
9. Nbd2 e5 10. h3 Bc8 11. b4 cxb4 12. c5 dxc5 13. Qxc5 a5 14. Bb2 Na6 15. Qe3
Nd7 16. a3 b6 17. Bb5 f6 18. Rfc1 Ndc5 19. Nc4 Rb8 20. axb4 axb4 21. Rd1 Rf7 22.
d6 Bb7 23. Ncxe5 fxe5 24. Bc4 Qd7 25. Bxe5 Kh8 26. Bxf7 Qxf7 27. Ng5 Qd7 28.
Bxg7+ Kxg7 29. e5 Re8 30. Re1 Qc6 31. f3 h6 32. e6 hxg5 33. Qd4+ Kh6 34. d7 Nxd7
35. exd7 Rd8 36. Kh1 Qxd7 37. Qxb6 Bxf3 38. Re6 Qd3 39. Rxg6+ Qxg6 40. Qxd8
Bxg2+ 41. Kh2 Qe6 42. Rd1 Qxh3+ 43. Kg1 Qe3+ 44. Kxg2 Qe2+ 1/2-1/2

[Event "European Hybrid Qual 2021"]
[Site "Tornelo INT"]
[Date "2021.05.26"]
[Round "2.1"]
[White "Sanal, Vahap"]
[Black "Piorun, Kacper"]
[Result "1/2-1/2"]
[WhiteTitle "GM"]
[BlackTitle "GM"]
[WhiteElo "2563"]
[BlackElo "2615"]
[WhiteFideId "6300545"]
[BlackFideId "1130420"]
[EventDate "2021.05.24"]
[EventType "k.o."]

1. e4 c5 2. Nf3 Nc6 3. Bb5 d6 4. O-O Bd7 5. c3 Nf6 6. Re1 a6 7. Bf1 Bg4 8. d3 e6
9. h3 Bh5 10. Be3 Be7 11. Nbd2 h6 12. a3 d5 13. Bf4 O-O 14. Bh2 b5 15. Qe2 Re8
16. Rad1 Qb6 17. g4 Bg6 18. Qe3 Qb7 19. Bg2 c4 20. e5 Nd7 21. d4 Nb6 22. h4 Na4
23. h5 Bh7 24. g5 hxg5 25. Nxg5 Bxg5 26. Qxg5 Qe7 27. Qg3 Nxb2 28. Ra1 Nd3 29.
Re3 f6 30. f4 fxe5 31. fxe5 Rf8 32. Nf3 Rf5 33. Qg4 Raf8 34. Bg3 Nf4 35. Bh4 Qe8
36. Ng5 Nxh5 37. Ra2 Nd8 38. Nxh7 Kxh7 39. Bf3 Nf4 40. Rh2 Kg8 41. Bd1 Ng6 42.
Bg3 Qf7 43. Be2 Rf1+ 44. Kg2 Rf2+ 45. Kh1 Rxh2+ 46. Bxh2 Ne7 47. Qg5 Qf2 48. Bg1
Qf7 49. Rg3 g6 50. Rh3 Qg7 51. Bg4 Nf5 52. Qd2 Nc6 53. Be3 Rf7 54. Bg5 Nce7 55.
Qh2 a5 56. Bf6 Rxf6 57. exf6 Qxf6 58. Qb8+ Kf7 59. Bxf5 Nxf5 60. Qc7+ Ne7 61.
Rh7+ Kg8 62. Rxe7 Qf1+ 63. Kh2 Qe2+ 64. Kh3 Qf1+ 65. Kh4 Qh1+ 66. Kg4 Qh5+ 67.
Kg3 Qg5+ 68. Kf3 Qh5+ 69. Kf4 Qf5+ 70. Kg3 Qg5+ 71. Kf3 Qh5+ 72. Kg2 Qg5+ 73.
Kf1 Qf5+ 74. Ke1 Qe4+ 75. Kf2 Qf5+ 76. Kg3 Qg5+ 1/2-1/2

[Event "European Hybrid Qual 2021"]
[Site "Tornelo INT"]
[Date "2021.05.27"]
[Round "2.2"]
[White "Piorun, Kacper"]
[Black "Sanal, Vahap"]
[Result "1/2-1/2"]
[WhiteTitle "GM"]
[BlackTitle "GM"]
[WhiteElo "2615"]
[BlackElo "2563"]
[WhiteFideId "1130420"]
[BlackFideId "6300545"]
[EventDate "2021.05.24"]
[EventType "k.o."]

1. e4 e5 2. Nf3 Nc6 3. d4 exd4 4. Nxd4 Qf6 5. Be3 Bc5 6. c3 d6 7. Be2 Qg6 8. O-O
Bh3 9. Bf3 Ne5 10. Kh1 Nxf3 11. Qxf3 Bd7 12. Nf5 Qf6 13. Nd2 O-O-O 14. Qg3 Bxe3
15. fxe3 Qg6 16. Nxg7 Nh6 17. Nf5 Nxf5 18. exf5 Bxf5 19. Qf4 Be6 20. e4 Rhg8 21.
Rf2 Qh5 22. Nf3 Rg4 23. Qe3 Kb8 24. Nd4 Bc8 25. Qf3 Qe5 26. Re1 d5 27. Qxf7 dxe4
28. h3 Rg3 29. Qf4 Qxf4 30. Rxf4 c5 31. Nb3 b6 32. Rfxe4 Bb7 33. Kh2 Bxe4 34.
Kxg3 Rg8+ 35. Kh4 Bxg2 36. Re7 Bd5 37. Rxh7 Rg2 38. Rd7 Be6 39. Rd2 Rg8 40. Nc1
Rh8+ 41. Kg5 Rxh3 42. Kf6 Bc4 43. Ke5 Kc7 44. Rc2 Kc6 45. b3 Bg8 46. c4 Bh7 47.
Rf2 Bb1 48. Rb2 Bh7 49. Rf2 Re3+ 50. Kf4 Re7 51. Ne2 Kb7 52. Nc3 Rf7+ 1/2-1/2

[Event "European Hybrid Qual 2021"]
[Site "Tornelo INT"]
[Date "2021.05.27"]
[Round "2.3"]
[White "Piorun, Kacper"]
[Black "Sanal, Vahap"]
[Result "1-0"]
[WhiteTitle "GM"]
[BlackTitle "GM"]
[WhiteElo "2615"]
[BlackElo "2563"]
[WhiteFideId "1130420"]
[BlackFideId "6300545"]
[EventDate "2021.05.24"]
[EventType "k.o."]

1. e4 e5 2. Nf3 Nc6 3. d4 exd4 4. Nxd4 Qf6 5. Be3 Bc5 6. c3 d6 7. Be2 Qg6 8. O-O
Nf6 9. f3 O-O 10. Nc2 Bxe3+ 11. Nxe3 Re8 12. c4 Qg5 13. Nd5 Nxd5 14. cxd5 Qe3+
15. Kh1 Nd4 16. Bc4 b5 17. Bd3 b4 18. Qd2 Qxd2 19. Nxd2 Bb7 20. a3 a5 21. Rfc1
c5 22. dxc6 Nxc6 23. Bb5 Rec8 24. Nc4 Nd4 25. Nxd6 Rxc1+ 26. Rxc1 Nxb5 27. Nxb5
Rd8 28. axb4 axb4 29. e5 Rd2 30. Nd6 Ba6 31. h4 h5 32. Ra1 Bd3 33. Ra8+ Kh7 34.
Nxf7 Rxb2 35. Ng5+ Kg6 36. Rd8 Kf5 37. Rxd3 Kxe5 38. Ne4 Kf4 39. Kh2 Rb1 40. Rd7
b3 41. Nd2 Rb2 42. Rd3 1-0

[Event "European Hybrid Qual 2021"]
[Site "Tornelo INT"]
[Date "2021.05.27"]
[Round "2.4"]
[White "Sanal, Vahap"]
[Black "Piorun, Kacper"]
[Result "1-0"]
[WhiteTitle "GM"]
[BlackTitle "GM"]
[WhiteElo "2563"]
[BlackElo "2615"]
[WhiteFideId "6300545"]
[BlackFideId "1130420"]
[EventDate "2021.05.24"]
[EventType "k.o."]

1. e4 c5 2. Nf3 Nc6 3. Bb5 d6 4. O-O Bd7 5. c3 Nf6 6. Re1 a6 7. Bf1 Bg4 8. h3
Bxf3 9. Qxf3 e6 10. d3 Be7 11. Nd2 O-O 12. Qd1 d5 13. e5 Nd7 14. Nf3 b5 15. d4
b4 16. Bd3 bxc3 17. bxc3 Qa5 18. Bg5 Qxc3 19. Rc1 Qa5 20. dxc5 Bxg5 21. Bxh7+
Kxh7 22. Nxg5+ Kh6 23. Qg4 Ndxe5 24. Qh4+ Kg6 25. Qg3 Kh6 26. f4 Ng6 27. Nxe6
fxe6 28. Rxe6 Rf6 29. Qg5+ Kh7 30. Qh5+ Kg8 31. Rxf6 Qd2 32. Rd1 Qe3+ 33. Kh1
Nge7 34. Rxc6 Nxc6 35. Qxd5+ Kh7 36. Qh5+ Kg8 37. Qd5+ Kh7 38. Qxc6 Rf8 39. Qxa6
Qxc5 40. Qd3+ Kh8 41. Qd4 Qc2 42. a4 Rxf4 43. Qxf4 Qxd1+ 44. Kh2 Qd5 45. Qc7 Qa2
46. a5 Qa1 47. Qc8+ Kh7 48. Qf5+ Kh8 49. Qb5 Qa3 50. Qb6 Qf8 51. Qc7 Qa3 52. Qe5
Kg8 53. Qe6+ Kh7 54. a6 Qa5 55. Qd6 Qa1 56. Qd3+ g6 57. Qd6 Qg7 58. Qc5 Qf7 59.
a7 Qf4+ 60. Kh1 Qf1+ 61. Qg1 Qa6 62. Qe3 Qb7 63. Qd4 Qa6 64. Kh2 Qb7 65. Qc5 Qa6
66. Qe7+ Kh6 67. Qf8+ 1-0

[Event "European Hybrid Qual 2021"]
[Site "Tornelo INT"]
[Date "2021.05.27"]
[Round "2.5"]
[White "Piorun, Kacper"]
[Black "Sanal, Vahap"]
[Result "0-1"]
[WhiteTitle "GM"]
[BlackTitle "GM"]
[WhiteElo "2615"]
[BlackElo "2563"]
[WhiteFideId "1130420"]
[BlackFideId "6300545"]
[EventDate "2021.05.24"]
[EventType "k.o."]

1. e4 e5 2. Nf3 Nc6 3. d4 exd4 4. Nxd4 Qf6 5. Be3 Bc5 6. c3 d6 7. Be2 Qg6 8. O-O
Bh3 9. Bf3 Ne5 10. b4 Bb6 11. a4 a6 12. a5 Ba7 13. Kh1 Nxf3 14. Qxf3 Bd7 15. Nf5
Bxe3 16. Qxe3 Qf6 17. Ra2 Ne7 18. Nxe7 Qxe7 19. c4 O-O 20. Nc3 Be6 21. Qd3 Rae8
22. f3 f5 23. Re2 Qf7 24. Nd5 c6 25. Nb6 fxe4 26. Qxd6 Bxc4 27. Nxc4 Qxc4 28.
Rfe1 Rd8 29. Qc7 Qxe2 0-1

[Event "European Hybrid Qual 2021"]
[Site "Tornelo INT"]
[Date "2021.05.27"]
[Round "2.2"]
[White "Saric, Ivan"]
[Black "Paichadze, Luka"]
[Result "1/2-1/2"]
[WhiteTitle "GM"]
[BlackTitle "GM"]
[WhiteElo "2645"]
[BlackElo "2565"]
[WhiteFideId "14508150"]
[BlackFideId "13602934"]
[EventDate "2021.05.24"]
[EventType "k.o."]

1. e4 c6 2. d4 d5 3. e5 Bf5 4. Nf3 e6 5. Be2 Nd7 6. O-O Ne7 7. Nbd2 h6 8. Nb3
Bh7 9. a4 Ng6 10. g3 Be7 11. h4 O-O 12. h5 Nh8 13. Ne1 f6 14. Bg4 fxe5 15. Bxe6+
Nf7 16. Qg4 Nf6 17. Qh3 e4 18. Ng2 Ne8 19. Nf4 Nc7 20. f3 Bf6 21. fxe4 Bxe4 22.
c3 b6 23. Nd2 Bc2 24. Qg4 Qe7 25. Bf5 Bxf5 26. Qxf5 Nd6 27. Qg4 Rf7 28. Nf3 Qd7
29. Qxd7 Rxd7 30. Ng6 Ne6 31. a5 b5 32. a6 Ne4 33. Kg2 Rb8 34. Nfe5 Bxe5 35.
Nxe5 Rc7 36. Nd3 Re8 37. g4 Rce7 38. Ne5 Rc7 39. Be3 c5 40. dxc5 N6xc5 41. Ng6
Nf6 42. Bxc5 Rxc5 43. Rae1 Re4 44. Rxe4 dxe4 45. Rd1 Kf7 46. Rd8 Ke6 47. Ra8 Rc7
48. Kg3 Kd6 49. Kf4 e3 50. Kxe3 Nxg4+ 51. Kd4 Rd7 52. Rc8 Nf6 53. Nf4 Re7 54.
Kd3 Re4 55. Rd8+ Kc7 56. Rd4 Rxd4+ 57. Kxd4 Kc6 58. Ke5 b4 59. cxb4 Kb5 60. Kd6
Ng4 61. Nd3 Kb6 62. Ne5 Ne3 63. Nd7+ Kb5 64. Kc7 Nd5+ 65. Kb7 Nxb4 66. Nb8 Nd3
67. Kxa7 Nc5 68. Ka8 Kb6 69. a7 Kc7 70. b4 Na4 71. Nd7 Nc3 72. Nb6 Nb5 73. Nd5+
Kc8 74. Ne7+ Kc7 75. Nd5+ Kc8 76. Nb6+ Kc7 77. Nd5+ 1/2-1/2

[Event "European Hybrid Qual 2021"]
[Site "Tornelo INT"]
[Date "2021.05.26"]
[Round "2.1"]
[White "Gokerkan, Cem Kaan"]
[Black "Plat, Vojtech"]
[Result "1/2-1/2"]
[WhiteTitle "IM"]
[BlackTitle "GM"]
[WhiteElo "2470"]
[BlackElo "2556"]
[WhiteFideId "6336760"]
[BlackFideId "325740"]
[EventDate "2021.05.24"]
[EventType "k.o."]

1. e4 d6 2. d4 Nf6 3. Nc3 e5 4. Nf3 exd4 5. Nxd4 Be7 6. Bf4 O-O 7. Qd2 c6 8.
O-O-O b5 9. f3 b4 10. Na4 Bd7 11. g4 c5 12. Nf5 Bxa4 13. Nxe7+ Qxe7 14. Bxd6 Qe8
15. Bxc5 a5 16. Bxf8 Qxf8 17. g5 Nfd7 18. h4 Ra7 19. h5 Ne5 20. f4 Rd7 21. Qe2
Rxd1+ 22. Qxd1 Ned7 23. g6 Qc5 24. b3 Bb5 25. Bxb5 Qxb5 26. gxf7+ Kxf7 27. h6 g6
28. Qd4 Ke8 29. Rd1 Qc5 30. Qg7 Nf8 31. f5 gxf5 32. Qg5 Nbd7 33. exf5 Qe5 34.
Kb1 Nf6 35. Rd3 Ne4 36. Re3 Nd7 1/2-1/2

[Event "European Hybrid Qual 2021"]
[Site "Tornelo INT"]
[Date "2021.05.27"]
[Round "2.2"]
[White "Plat, Vojtech"]
[Black "Gokerkan, Cem Kaan"]
[Result "1/2-1/2"]
[WhiteTitle "GM"]
[BlackTitle "IM"]
[WhiteElo "2556"]
[BlackElo "2470"]
[WhiteFideId "325740"]
[BlackFideId "6336760"]
[EventDate "2021.05.24"]
[EventType "k.o."]

1. d4 Nf6 2. Nf3 d5 3. c4 e6 4. Nc3 Be7 5. Bf4 O-O 6. e3 Nbd7 7. Rc1 c5 8. Bd3
cxd4 9. exd4 dxc4 10. Bxc4 Nb6 11. Bd3 Nbd5 12. Be5 b6 13. O-O Bb7 14. Nxd5 1/2-1/2

[Event "European Hybrid Qual 2021"]
[Site "Tornelo INT"]
[Date "2021.05.27"]
[Round "2.3"]
[White "Plat, Vojtech"]
[Black "Gokerkan, Cem Kaan"]
[Result "1/2-1/2"]
[WhiteTitle "GM"]
[BlackTitle "IM"]
[WhiteElo "2556"]
[BlackElo "2470"]
[WhiteFideId "325740"]
[BlackFideId "6336760"]
[EventDate "2021.05.24"]
[EventType "k.o."]

1. d4 Nf6 2. c4 e6 3. g3 d5 4. Bg2 Be7 5. Nf3 O-O 6. Qc2 c5 7. dxc5 Qa5+ 8. Nbd2
Qxc5 9. O-O b5 10. b3 Ba6 11. Bb2 Nbd7 12. a4 b4 13. Rac1 Rac8 14. Qb1 Qa5 15.
Rfd1 h6 16. e4 dxc4 17. bxc4 Qxa4 18. e5 Nh7 19. Bd4 Ng5 20. Qa1 Nxf3+ 21. Bxf3
Qxa1 22. Rxa1 Bc5 23. Rxa6 Bxd4 24. Rd6 Nxe5 25. Rxd4 Rfd8 26. Rxd8+ Rxd8 27.
Be2 a5 28. Nb3 Rxd1+ 29. Bxd1 a4 30. Nc5 a3 31. Bb3 Kf8 32. Kf1 Nf3 33. Ke2 Nd4+
34. Kd3 e5 35. Ba2 Ke7 36. f4 f6 37. fxe5 fxe5 38. Ke4 Kd6 39. Nb3 Ne2 40. c5+
Kc6 41. Kxe5 Nc3 42. Nd4+ Kxc5 43. Bb3 Nb1 44. Nc2 Nd2 45. Bd5 b3 46. Bxb3 Nxb3
47. Nxa3 Nd2 48. Kf4 Kd6 49. Nc2 Ke7 50. Nd4 Kf7 51. h4 Nc4 1/2-1/2

[Event "European Hybrid Qual 2021"]
[Site "Tornelo INT"]
[Date "2021.05.27"]
[Round "2.4"]
[White "Gokerkan, Cem Kaan"]
[Black "Plat, Vojtech"]
[Result "0-1"]
[WhiteTitle "IM"]
[BlackTitle "GM"]
[WhiteElo "2470"]
[BlackElo "2556"]
[WhiteFideId "6336760"]
[BlackFideId "325740"]
[EventDate "2021.05.24"]
[EventType "k.o."]

1. e4 e5 2. Nf3 Nc6 3. Bc4 Be7 4. d4 exd4 5. Nxd4 Bf6 6. Be3 Nge7 7. Nc3 d6 8.
O-O O-O 9. Re1 Ne5 10. Be2 c6 11. Qd2 Ng4 12. Bxg4 Bxg4 13. f3 Be6 14. Rad1 d5
15. Bg5 Bxg5 16. Qxg5 Ng6 17. Qxd8 Rfxd8 18. exd5 Bxd5 19. b3 Kf8 20. Na4 Nf4
21. c4 Be6 22. g3 Nh3+ 23. Kg2 Ng5 24. h4 Bh3+ 25. Kf2 Ne6 26. Nxe6+ Bxe6 27.
Nc5 Rxd1 28. Rxd1 Bc8 29. Rd8+ Ke7 30. Rh8 b6 31. Ne4 h6 32. Ke3 c5 33. Rh7 Bf5
34. Rxg7 Kf8 35. Nd6 Bg6 36. Rxg6 fxg6 37. Nb5 Re8+ 38. Kf2 Re7 39. Nc3 Kf7 40.
Nd5 Re8 41. Nc7 Rd8 42. Nd5 b5 43. Ke3 bxc4 44. bxc4 Rb8 45. Nc3 Rb2 46. Ke4 Ke6
47. g4 Rh2 48. Na4 Kd6 49. Nc3 a6 50. Kf4 Rc2 51. Ne4+ Ke7 52. Ke5 Rxc4 53. Kd5
Ra4 54. Nc3 Rf4 55. Kxc5 Rxf3 56. Nd5+ Kd7 57. a4 Rh3 58. Kb6 Kd6 59. Nf4 Rxh4
60. Ne2 Rxg4 61. a5 h5 62. Kxa6 h4 63. Kb7 h3 64. a6 h2 65. a7 h1=Q+ 66. Kc8
Qc6+ 67. Kb8 Rb4# 0-1